| 000 | 00896cam a2200265 a 4500 | ||
|---|---|---|---|
| 999 |
_c42609 _d42609 |
||
| 001 | 14568105 | ||
| 003 | GE_BSU | ||
| 005 | 20221116142650.0 | ||
| 008 | 060925s2008 iaua b 001 0 eng | ||
| 010 | _a 2006031901 | ||
| 020 | _a9780073047874 (hard copy : alk. paper) x | ||
| 020 | _a0073047872 (hard copy : alk. paper) x | ||
| 041 | _aeng | ||
| 080 | _a547 C-21 | ||
| 100 | 1 |
_aCarey, Francis A., _d1937- _97387 |
|
| 245 | 1 | 0 |
_aOrganic chemistry / _cFrancis A. Carey. |
| 250 | _a7th ed. | ||
| 264 |
_aBoston : _bMcGraw-Hill Higher Education, _cc2008. |
||
| 300 |
_a1 v. (various pagings) : _bcol. ill. ; _c29 cm. |
||
| 504 | _aIncludes bibliographical references and index. | ||
| 650 | 0 |
_aChemistry, Organic. _97388 |
|
| 653 | _aორგანული ქიმია | ||
| 856 | 4 | 1 |
_3Table of contents only _uhttp://www.loc.gov/catdir/toc/ecip071/2006031901.html |
| 942 |
_2udc _cBK |
||